Data analytics with R (Record no. 386632)

MARC details
000 -LEADER
fixed length control field 00504 a2200193 4500
005 - DATE & TIME
control field 20250327111219.0
008 - FIXED-LENGTH DATA ELEMENTS--GENERAL INFORMATION
fixed length control field 250326b |||||||| |||| 00| 0 eng d
020 ## - ISBN
International Standard Book Number 9788126576463
Price Rs. 829.00
040 ## - CATALOGING SOURCE
Original cataloging agency VIVEKANANDA LIBRARY
082 ## - DDC NUMBER
Classification number 005.7
Book Number M859D
100 ## - MAIN ENTRY--PERSONAL NAME
Personal name Motwani, Bharti
245 ## - TITLE STATEMENT
Title Data analytics with R
260 ## - PUBLICATION, DISTRIBUTION, ETC. (IMPRINT)
Name of publisher, distributor, etc Wiley India
Place of publication, distribution, etc New Delhi
Date of publication, distribution, etc 2023
300 ## - PHYSICAL DESCRIPTION
Pages xvii, 646
650 ## - Subject
Subject Computer Science
650 ## - Subject
Subject Data Analytics
650 ## - Subject
Subject R- Computer Programming Language
942 ## - ADDED ENTRY ELEMENTS (KOHA)
Koha item type Books
Holdings
Withdrawn status Lost status Source of classification or shelving scheme Damaged status Not for loan Location (home branch) Sublocation or collection (holding branch) Shelving location Date acquired Koha issues (times borrowed) Koha full call number Accession No. Koha date last seen Koha item type
    Dewey Decimal Classification     VIVEKANANDA LIBRARY VIVEKANANDA LIBRARY UIET Library 18/02/2025   005.7 M859D 430863 18/02/2025 Books
© Designed and Maintained by Vivekananda Library, MDU Rohtak